000
00222nam a2200097Ia 4500
008
190216s9999||||xx |||||||||||||| ||und||
100
_a
Null
245
0
_a
Hindi A Agrar Deep
260
_b
Prabhakar Publications
942
_c
BK
999
_c
16945
_d
16945